[Event "Torneo Benidorm Gran Hotel Bali - B 2022"]
[Site "Benidorm ESP"]
[Date "2022.12.07"]
[Round "6.6"]
[White "Santamaria Baeza, Adolfo"]
[Black "Aledo Yanguas, David"]
[Result "0-1"]
[WhiteElo "1844"]
[BlackElo "1953"]
[PlyCount "84"]
[EventDate "2022.12.03"]
[EventType "swiss"]
[EventRounds "9"]
[EventCountry "ESP"]
[SourceTitle "Ajedrez en Madrid"]
[Source "lmi"]
[SourceDate "2022.12.03"]
[SourceVersion "1"]
[SourceVersionDate "2022.12.10"]
[SourceQuality "1"]

1. e4 {[%emt 0:01:49]} Nf6 {[%emt 0:00:11]} 2. e5 {[%emt 0:00:39]} Nd5 {[%emt 0:00:04]} 3. c4 {[%emt 0:00:14]} Nb6 {[%emt 0:00:06]} 4. c5 {[%emt 0:00:07]} Nd5 {[%emt 0:00:04]} 5. Nc3 {[%emt 0:00:23]} e6 {[%emt 0:00:14]} 6. Qg4 {[%emt 0:00:53]} b6 {[%emt 0:00:36]} 7. Nxd5 {[%emt 0:02:44]} exd5 {[%emt 0:00:08]} 8. cxb6 {[%emt 0:01:06]} axb6 {[%emt 0:00:23]} 9. Nf3 {[%emt 0:02:13]} c5 {[%emt 0:07:06]} 10. Bb5 {[%emt 0:01:10]} Ra5 {[%emt 0:06:01]} 11. a4 {[%emt 0:02:00]} Ba6 {[%emt 0:02:58]} 12. b4 {[%emt 0:00:26]} cxb4 {[%emt 0:00:47]} 13. Bxa6 {[%emt 0:01:21]} Nxa6 {[%emt 0:00:30]} 14. Nd4 {[%emt 0:01:35]} Nc5 {[%emt 0:06:49]} 15. O-O {[%emt 0:00:51]} Qa8 {[%emt 0:03:37]} 16. Nf5 {[%emt 0:01:12]} Ne6 {[%emt 0:00:15]} 17. Nd6+ {[%emt 0:00:46]} Bxd6 {[%emt 0:00:11]} 18. exd6 {[%emt 0:00:05]} Rxa4 {[%emt 0:00:19]} 19. Bb2 {[%emt 0:00:11]} O-O {[%emt 0:00:36]} 20. f4 {[%emt 0:00:26]} f5 {[%emt 0:00:05]} 21. Qf3 {[%emt 0:01:31]} b5 {[%emt 0:01:22]} 22. Rae1 {[%emt 0:03:50]} Ra2 {[%emt 0:01:18]} 23. Ra1 {[%emt 0:01:10]} Rxa1 {[%emt 0:03:00]} 24. Rxa1 {[%emt 0:00:21]} Qc6 {[%emt 0:00:06]} 25. Be5 {[%emt 0:02:14]} Rc8 {[%emt 0:00:20]} 26. h3 {[%emt 0:00:51]} Qc4 {[%emt 0:02:04]} 27. d3 {[%emt 0:00:32]} Qb3 {[%emt 0:00:29]} 28. Ra7 {[%emt 0:00:20]} Rd8 {[%emt 0:05:51]} 29. Kh2 {[%emt 0:00:31]} Qc2 {[%emt 0:01:17]} 30. Qxd5 {[%emt 0:00:20]} Qc5 {[%emt 0:01:41]} 31. Qb7 {[%emt 0:03:32]} Nd4 {[%emt 0:13:36]} 32. Ra8 {[%emt 0:01:07]} Rxa8 {[%emt 0:04:22]} 33. Qxa8+ {[%emt 0:00:10]} Kf7 {[%emt 0:00:05]} 34. Qd8 {[%emt 0:02:10]} Nf3+ {[%emt 0:01:51]} 35. Kg3 {[%emt 0:05:34]} Nxe5 {[%emt 0:00:14]} 36. Qe7+ {[%emt 0:00:12]} Kg6 {[%emt 0:00:10]} 37. fxe5 {[%emt 0:01:22]} b3 {[%emt 0:00:49]} 38. h4 {[%emt 0:01:42]} Qe3+ {[%emt 0:01:03]} 39. Kh2 {[%emt 0:00:15]} b2 {[%emt 0:00:58]} 40. e6 {[%emt 0:10:50]} b1=Q {[%emt 0:06:08]} 41. Qf7+ {[%emt 0:02:23]} Kh6 {[%emt 0:00:09]} 42. Qxf5 {[%emt 0:00:37]} Qbg1# {[%emt 0:00:08]} 0-1

[Event "Torneo Benidorm Gran Hotel Bali - B 2022"]
[Site "Benidorm ESP"]
[Date "2022.12.07"]
[Round "6.7"]
[White "Lloret Climent, Miguel"]
[Black "Mascarell Canet, Ricardo"]
[Result "1/2-1/2"]
[WhiteElo "1952"]
[BlackElo "1882"]
[PlyCount "128"]
[EventDate "2022.12.03"]
[EventType "swiss"]
[EventRounds "9"]
[EventCountry "ESP"]
[SourceTitle "Ajedrez en Madrid"]
[Source "lmi"]
[SourceDate "2022.12.03"]
[SourceVersion "1"]
[SourceVersionDate "2022.12.10"]
[SourceQuality "1"]

1. d4 {[%emt 0:00:07]} Nf6 {[%emt 0:00:09]} 2. c4 {[%emt 0:00:41]} g6 {[%emt 0:00:10]} 3. Nc3 {[%emt 0:00:19]} Bg7 {[%emt 0:00:10]} 4. Nf3 {[%emt 0:00:21]} O-O {[%emt 0:00:22]} 5. g3 {[%emt 0:00:13]} d6 {[%emt 0:00:16]} 6. Bg2 {[%emt 0:00:10]} Nbd7 {[%emt 0:00:36]} 7. O-O {[%emt 0:01:31]} e5 {[%emt 0:01:44]} 8. d5 {[%emt 0:02:54]} a5 {[%emt 0:08:10]} 9. e4 {[%emt 0:02:02]} h6 {[%emt 0:01:55]} 10. Ne1 {[%emt 0:00:56]} Nh7 {[%emt 0:03:29]} 11. Nd3 {[%emt 0:09:24]} f5 {[%emt 0:00:52]} 12. Be3 {[%emt 0:05:54]} Kh8 {[%emt 0:03:21]} 13. Qd2 {[%emt 0:13:39]} Ng5 {[%emt 0:05:34]} 14. f4 {[%emt 0:06:14]} Nf7 {[%emt 0:02:16]} 15. exf5 {[%emt 0:03:49]} gxf5 {[%emt 0:01:09]} 16. fxe5 {[%emt 0:01:30]} dxe5 {[%emt 0:01:04]} 17. Rae1 {[%emt 0:06:50]} Ra6 {[%emt 0:04:40]} 18. Bh3 {[%emt 0:03:03]} f4 {[%emt 0:10:02]} 19. gxf4 {[%emt 0:10:40]} Rg6+ {[%emt 0:07:13]} 20. Kh1 {[%emt 0:03:44]} Qh4 {[%emt 0:03:59]} 21. f5 {[%emt 0:01:51]} Rf6 {[%emt 0:05:48]} 22. Bg2 {[%emt 0:03:38]} Nd6 {[%emt 0:03:00]} 23. b3 {[%emt 0:05:43]} Nxf5 {[%emt 0:01:36]} 24. Bf2 {[%emt 0:00:41]} Qh5 {[%emt 0:01:42]} 25. Ne4 {[%emt 0:01:31]} R6f7 {[%emt 0:01:26]} 26. Qe2 {[%emt 0:00:38]} Qxe2 {[%emt 0:05:26]} 27. Rxe2 {[%emt 0:00:08]} Nd4 {[%emt 0:01:02]} 28. Re3 {[%emt 0:03:55]} Nb6 {[%emt 0:02:21]} 29. Ndc5 {[%emt 0:02:51]} a4 {[%emt 0:02:03]} 30. Ree1 {[%emt 0:01:22]} Nf3 {[%emt 0:04:15]} 31. Rd1 {[%emt 0:03:13]} axb3 {[%emt 0:00:58]} 32. axb3 {[%emt 0:00:16]} Bg4 {[%emt 0:01:13]} 33. Ne6 {[%emt 0:03:14]} Nd4 {[%emt 0:06:28]} 34. Bxd4 {[%emt 0:02:30]} Rxf1+ {[%emt 0:02:10]} 35. Rxf1 {[%emt 0:00:52]} Rxf1+ {[%emt 0:00:48]} 36. Bxf1 {[%emt 0:00:48]} exd4 {[%emt 0:00:09]} 37. Bd3 {[%emt 0:00:52]} Nd7 {[%emt 0:02:17]} 38. Kg2 {[%emt 0:00:43]} Ne5 {[%emt 0:01:00]} 39. Nf2 {[%emt 0:00:09]} Nxd3 {[%emt 0:04:03]} 40. Nxd3 {[%emt 0:00:07]} Bf6 {[%emt 0:00:29]} 41. Kg3 {[%emt 0:00:50]} Be2 {[%emt 0:00:54]} 42. Nef4 {[%emt 0:00:20]} Bd1 {[%emt 0:00:25]} 43. b4 {[%emt 0:00:20]} Bb3 {[%emt 0:00:28]} 44. c5 {[%emt 0:00:10]} Kg8 {[%emt 0:01:37]} 45. Kf3 {[%emt 0:00:17]} Bc4 {[%emt 0:00:23]} 46. Ke4 {[%emt 0:00:13]} Bb5 {[%emt 0:01:33]} 47. Ne6 {[%emt 0:00:18]} Be8 {[%emt 0:00:36]} 48. Nxd4 {[%emt 0:01:05]} Bg6+ {[%emt 0:00:14]} 49. Nf5 {[%emt 0:00:13]} Bc3 {[%emt 0:01:00]} 50. d6 {[%emt 0:00:57]} cxd6 {[%emt 0:00:20]} 51. cxd6 {[%emt 0:00:05]} Kf8 {[%emt 0:00:35]} 52. b5 {[%emt 0:00:51]} Ke8 {[%emt 0:00:35]} 53. Ne5 {[%emt 0:00:16]} Bh7 {[%emt 0:00:36]} 54. Kf4 {[%emt 0:00:39]} Bd2+ {[%emt 0:00:20]} 55. Ke4 {[%emt 0:00:36]} Bc3 {[%emt 0:00:01]} 56. Ng4 {[%emt 0:00:38]} h5 {[%emt 0:00:30]} 57. Nge3 {[%emt 0:00:31]} Kd7 {[%emt 0:00:17]} 58. Kd5 {[%emt 0:00:27]} Bg8+ {[%emt 0:00:22]} 59. Kc5 {[%emt 0:00:13]} Be5 {[%emt 0:00:47]} 60. Nd5 {[%emt 0:00:21]} Bxd5 {[%emt 0:00:48]} 61. Kxd5 {[%emt 0:00:35]} Bxh2 {[%emt 0:00:09]} 62. Kc5 {[%emt 0:00:27]} h4 {[%emt 0:00:29]} 63. Nxh4 {[%emt 0:00:24]} Bxd6+ {[%emt 0:00:07]} 64. Kb6 {[%emt 0:00:13]} Kc8 {[%emt 0:00:09]} 1/2-1/2

[Event "Torneo Benidorm Gran Hotel Bali - B 2022"]
[Site "Benidorm ESP"]
[Date "2022.12.07"]
[Round "6.8"]
[White "Lorenzo Calvo, Damian Angel"]
[Black "Sanchez Crespo, David"]
[Result "1/2-1/2"]
[WhiteElo "1859"]
[BlackElo "1947"]
[PlyCount "92"]
[EventDate "2022.12.03"]
[EventType "swiss"]
[EventRounds "9"]
[EventCountry "ESP"]
[SourceTitle "Ajedrez en Madrid"]
[Source "lmi"]
[SourceDate "2022.12.03"]
[SourceVersion "1"]
[SourceVersionDate "2022.12.10"]
[SourceQuality "1"]

1. e4 {[%emt 0:00:14]} e6 {[%emt 0:00:09]} 2. d4 {[%emt 0:00:21]} d5 {[%emt 0:00:13]} 3. Nd2 {[%emt 0:00:25]} c5 {[%emt 0:00:24]} 4. exd5 {[%emt 0:00:23]} Qxd5 {[%emt 0:00:11]} 5. Ngf3 {[%emt 0:00:37]} cxd4 {[%emt 0:00:13]} 6. Bc4 {[%emt 0:00:24]} Qd7 {[%emt 0:00:32]} 7. Nb3 {[%emt 0:01:05]} Qc7 {[%emt 0:00:57]} 8. Qxd4 {[%emt 0:05:20]} Nc6 {[%emt 0:00:48]} 9. Qd1 {[%emt 0:02:46]} Bd7 {[%emt 0:07:54]} 10. O-O {[%emt 0:02:30]} Nf6 {[%emt 0:07:50]} 11. Qe2 {[%emt 0:03:15]} a6 {[%emt 0:06:38]} 12. c3 {[%emt 0:05:59]} Bd6 {[%emt 0:05:36]} 13. Re1 {[%emt 0:05:11]} O-O {[%emt 0:07:03]} 14. Bg5 {[%emt 0:04:37]} Ng4 {[%emt 0:04:45]} 15. h3 Nge5 {[%emt 0:03:01]} 16. Bd3 {[%emt 0:04:14]} Nxf3+ {[%emt 0:05:49]} 17. Qxf3 {[%emt 0:00:33]} Ne5 {[%emt 0:00:29]} 18. Qe4 {[%emt 0:01:34]} Nxd3 19. Qxd3 f6 {[%emt 0:16:37]} 20. Be3 {[%emt 0:02:38]} Rad8 {[%emt 0:01:21]} 21. Qe2 {[%emt 0:05:39]} e5 {[%emt 0:00:24]} 22. c4 {[%emt 0:00:47]} Be6 {[%emt 0:03:29]} 23. Rac1 {[%emt 0:02:34]} Bb4 {[%emt 0:02:31]} 24. Bd2 {[%emt 0:02:05]} Be7 {[%emt 0:00:22]} 25. Red1 {[%emt 0:01:36]} Rd7 {[%emt 0:01:24]} 26. Be3 {[%emt 0:03:17]} Rxd1+ {[%emt 0:01:43]} 27. Qxd1 {[%emt 0:00:01]} f5 {[%emt 0:01:20]} 28. f3 {[%emt 0:03:15]} Qc8 {[%emt 0:02:36]} 29. Qe2 {[%emt 0:03:32]} g5 {[%emt 0:04:19]} 30. Bf2 {[%emt 0:04:31]} Qc7 {[%emt 0:01:54]} 31. Re1 {[%emt 0:04:44]} Bf6 {[%emt 0:02:25]} 32. Nd2 {[%emt 0:01:14]} Qf7 {[%emt 0:01:34]} 33. Bg3 {[%emt 0:01:35]} f4 {[%emt 0:00:43]} 34. Bf2 h5 {[%emt 0:00:36]} 35. Ne4 {[%emt 0:00:41]} Be7 {[%emt 0:02:45]} 36. b3 {[%emt 0:03:03]} Qg7 {[%emt 0:02:03]} 37. Bc5 {[%emt 0:04:46]} Bd7 {[%emt 0:03:37]} 38. Nd6 {[%emt 0:02:40]} Bxd6 {[%emt 0:00:35]} 39. Bxd6 Re8 {[%emt 0:00:24]} 40. Bxe5 {[%emt 0:00:24]} Qg6 {[%emt 0:00:45]} 41. Qd2 {[%emt 0:00:50]} Bc6 {[%emt 0:00:23]} 42. Bc3 {[%emt 0:01:39]} Rxe1+ {[%emt 0:01:05]} 43. Qxe1 g4 {[%emt 0:00:39]} 44. fxg4 {[%emt 0:02:38]} hxg4 {[%emt 0:00:33]} 45. hxg4 {[%emt 0:01:03]} Qxg4 {[%emt 0:00:09]} 46. Qd2 {[%emt 0:02:01]} f3 {[%emt 0:01:10]} 1/2-1/2

[Event "Torneo Benidorm Gran Hotel Bali - B 2022"]
[Site "Benidorm ESP"]
[Date "2022.12.07"]
[Round "6.9"]
[White "Clausen, Karl Erik"]
[Black "Kita Ruiz, Ichiro"]
[Result "0-1"]
[WhiteElo "1919"]
[BlackElo "1841"]
[PlyCount "116"]
[EventDate "2022.12.03"]
[EventType "swiss"]
[EventRounds "9"]
[EventCountry "ESP"]
[SourceTitle "Ajedrez en Madrid"]
[Source "lmi"]
[SourceDate "2022.12.03"]
[SourceVersion "1"]
[SourceVersionDate "2022.12.10"]
[SourceQuality "1"]

1. e4 {[%emt 0:00:14]} e6 {[%emt 0:00:06]} 2. b3 {[%emt 0:00:06]} d5 {[%emt 0:00:08]} 3. Bb2 {[%emt 0:00:04]} dxe4 {[%emt 0:01:19]} 4. Nc3 {[%emt 0:00:19]} Nf6 {[%emt 0:00:51]} 5. Qe2 {[%emt 0:00:09]} Be7 {[%emt 0:08:43]} 6. Nxe4 {[%emt 0:00:26]} O-O {[%emt 0:00:31]} 7. Nf3 {[%emt 0:00:26]} c5 {[%emt 0:01:29]} 8. d4 {[%emt 0:01:20]} Nxe4 {[%emt 0:02:45]} 9. Qxe4 {[%emt 0:00:07]} Qa5+ {[%emt 0:00:30]} 10. c3 {[%emt 0:01:06]} Bf6 {[%emt 0:04:13]} 11. Bd3 {[%emt 0:03:21]} g6 {[%emt 0:00:35]} 12. O-O {[%emt 0:01:26]} Nd7 {[%emt 0:03:52]} 13. Rfc1 {[%emt 0:11:18]} Bg7 {[%emt 0:05:46]} 14. Rc2 {[%emt 0:07:35]} Nf6 {[%emt 0:01:43]} 15. Qh4 {[%emt 0:00:59]} cxd4 {[%emt 0:04:12]} 16. Nxd4 {[%emt 0:04:38]} Bd7 {[%emt 0:06:35]} 17. Be2 {[%emt 0:05:56]} e5 {[%emt 0:21:05]} 18. b4 {[%emt 0:05:28]} Qc7 {[%emt 0:03:57]} 19. Nb3 {[%emt 0:00:25]} Bf5 {[%emt 0:06:33]} 20. Rcc1 {[%emt 0:06:08]} Ne4 {[%emt 0:04:05]} 21. Bg4 {[%emt 0:08:09]} Bf6 {[%emt 0:03:33]} 22. Qh3 {[%emt 0:00:07]} Ng5 {[%emt 0:00:32]} 23. Qg3 {[%emt 0:00:34]} Ne4 {[%emt 0:03:40]} 24. Qf3 {[%emt 0:02:01]} Ng5 {[%emt 0:00:28]} 25. Qg3 {[%emt 0:01:19]} Ne4 {[%emt 0:00:08]} 26. Qf3 {[%emt 0:00:10]} Ng5 {[%emt 0:00:07]} 27. Qe2 {[%emt 0:01:23]} Rfe8 {[%emt 0:05:04]} 28. c4 {[%emt 0:03:00]} Qc8 {[%emt 0:02:14]} 29. Bxf5 {[%emt 0:02:46]} Qxf5 {[%emt 0:00:10]} 30. Nd2 {[%emt 0:03:20]} Rad8 {[%emt 0:01:35]} 31. Rd1 {[%emt 0:03:45]} Qc2 {[%emt 0:02:40]} 32. Ba3 {[%emt 0:13:26]} e4 {[%emt 0:01:11]} 33. Rac1 {[%emt 0:00:22]} Qxa2 {[%emt 0:00:13]} 34. Qe3 {[%emt 0:00:02]} Rd3 {[%emt 0:00:16]} 35. Qf4 {[%emt 0:00:06]} Kg7 {[%emt 0:03:04]} 36. Nb1 {[%emt 0:01:48]} Red8 {[%emt 0:01:22]} 37. Rxd3 {[%emt 0:01:29]} Rxd3 {[%emt 0:00:22]} 38. h4 {[%emt 0:00:34]} Ne6 {[%emt 0:00:48]} 39. Qxe4 {[%emt 0:00:28]} Rxa3 {[%emt 0:00:11]} 40. Nxa3 {[%emt 0:00:12]} Qxa3 {[%emt 0:00:02]} 41. Rb1 {[%emt 0:00:32]} b6 {[%emt 0:00:20]} 42. h5 {[%emt 0:01:52]} Qa2 {[%emt 0:00:52]} 43. Rd1 {[%emt 0:00:18]} Bd4 {[%emt 0:00:35]} 44. Qf3 {[%emt 0:02:49]} h6 {[%emt 0:01:37]} 45. hxg6 {[%emt 0:00:22]} Kxg6 {[%emt 0:00:35]} 46. Qe4+ {[%emt 0:01:23]} Kg7 {[%emt 0:00:18]} 47. Qg4+ {[%emt 0:00:42]} Kf8 {[%emt 0:00:09]} 48. Qh4 {[%emt 0:00:02]} Qxc4 {[%emt 0:01:11]} 49. Kh1 {[%emt 0:00:09]} Qxb4 {[%emt 0:01:02]} 50. Qxh6+ {[%emt 0:02:07]} Ke8 {[%emt 0:00:01]} 51. f4 {[%emt 0:01:23]} Bg7 {[%emt 0:00:36]} 52. Qh4 {[%emt 0:02:18]} Qe4 {[%emt 0:01:07]} 53. Rd6 {[%emt 0:01:40]} Qg6 {[%emt 0:00:46]} 54. Qe1 {[%emt 0:01:02]} Kf8 {[%emt 0:00:29]} 55. Qb4 {[%emt 0:01:04]} Kg8 {[%emt 0:00:37]} 56. Qb5 {[%emt 0:00:38]} Qh6+ {[%emt 0:00:22]} 57. Kg1 {[%emt 0:00:22]} Bd4+ {[%emt 0:00:23]} 58. Kf1 {[%emt 0:01:00]} Qxf4+ {[%emt 0:00:03]} 0-1

[Event "Torneo Benidorm Gran Hotel Bali - B 2022"]
[Site "Benidorm ESP"]
[Date "2022.12.07"]
[Round "6.10"]
[White "Oreshkin, Vladislav"]
[Black "Tusu, Nicolae-Dan"]
[Result "1-0"]
[WhiteElo "1912"]
[BlackElo "1823"]
[PlyCount "133"]
[EventDate "2022.12.03"]
[EventType "swiss"]
[EventRounds "9"]
[EventCountry "ESP"]
[SourceTitle "Ajedrez en Madrid"]
[Source "lmi"]
[SourceDate "2022.12.03"]
[SourceVersion "1"]
[SourceVersionDate "2022.12.10"]
[SourceQuality "1"]

1. e3 {[%emt 0:00:19]} e5 {[%emt 0:00:09]} 2. c4 {[%emt 0:00:04]} f5 {[%emt 0:00:14]} 3. b3 {[%emt 0:00:25]} Nc6 {[%emt 0:00:24]} 4. Bb2 {[%emt 0:00:23]} Nf6 {[%emt 0:00:15]} 5. Nf3 {[%emt 0:01:07]} e4 {[%emt 0:00:28]} 6. Nd4 {[%emt 0:00:41]} Nxd4 {[%emt 0:00:34]} 7. Bxd4 {[%emt 0:00:42]} b6 {[%emt 0:02:32]} 8. Be2 {[%emt 0:05:00]} Bb7 {[%emt 0:00:12]} 9. O-O {[%emt 0:01:20]} Be7 {[%emt 0:00:53]} 10. f3 {[%emt 0:06:47]} O-O {[%emt 0:00:36]} 11. Bb2 {[%emt 0:03:04]} c6 {[%emt 0:02:57]} 12. fxe4 {[%emt 0:07:46]} fxe4 {[%emt 0:00:27]} 13. Nc3 {[%emt 0:00:33]} a6 {[%emt 0:05:06]} 14. Qc2 {[%emt 0:03:58]} d5 {[%emt 0:01:29]} 15. Rac1 {[%emt 0:03:24]} Rc8 {[%emt 0:01:11]} 16. Qb1 {[%emt 0:01:24]} b5 {[%emt 0:01:52]} 17. cxd5 {[%emt 0:02:04]} cxd5 {[%emt 0:00:30]} 18. Nd1 {[%emt 0:01:23]} Qd7 {[%emt 0:03:38]} 19. Nf2 {[%emt 0:03:29]} Rxc1 {[%emt 0:04:10]} 20. Rxc1 {[%emt 0:01:04]} Bd6 {[%emt 0:00:56]} 21. Qa1 {[%emt 0:02:07]} Qe6 {[%emt 0:02:33]} 22. Rf1 {[%emt 0:03:04]} Bc7 {[%emt 0:03:25]} 23. Nh3 {[%emt 0:05:45]} Qd6 {[%emt 0:00:43]} 24. g3 {[%emt 0:00:11]} Qe7 {[%emt 0:07:51]} 25. Nf4 {[%emt 0:01:27]} Nd7 {[%emt 0:00:48]} 26. Bg4 {[%emt 0:02:15]} Bxf4 {[%emt 0:23:30]} 27. Rxf4 {[%emt 0:03:38]} Nc5 {[%emt 0:01:21]} 28. Rxf8+ {[%emt 0:04:17]} Qxf8 {[%emt 0:02:04]} 29. Ba3 {[%emt 0:01:22]} a5 {[%emt 0:02:03]} 30. Be2 {[%emt 0:11:26]} b4 {[%emt 0:00:50]} 31. Bb2 {[%emt 0:00:29]} Ba6 {[%emt 0:01:42]} 32. Bxa6 {[%emt 0:02:05]} Nxa6 {[%emt 0:00:10]} 33. Bd4 {[%emt 0:00:57]} Nc5 {[%emt 0:03:58]} 34. Qf1 {[%emt 0:01:37]} Nd3 {[%emt 0:08:44]} 35. Qxf8+ {[%emt 0:03:36]} Kxf8 {[%emt 0:00:06]} 36. Bb6 Nc1 {[%emt 0:06:54]} 37. Bxa5 {[%emt 0:01:17]} Nxa2 {[%emt 0:02:07]} 38. Kf1 {[%emt 0:00:40]} Kf7 {[%emt 0:02:44]} 39. Ke1 {[%emt 0:06:41]} Nc1 {[%emt 0:00:19]} 40. Kd1 {[%emt 0:00:49]} Nd3 {[%emt 0:00:15]} 41. h3 {[%emt 0:06:12]} h5 {[%emt 0:00:31]} 42. Ke2 {[%emt 0:02:37]} Ke6 {[%emt 0:00:38]} 43. g4 {[%emt 0:01:14]} hxg4 {[%emt 0:01:52]} 44. hxg4 {[%emt 0:00:02]} Kd6 {[%emt 0:01:00]} 45. Kd1 {[%emt 0:01:09]} g6 {[%emt 0:03:38]} 46. Kc2 {[%emt 0:02:06]} Kc5 {[%emt 0:00:10]} 47. Bd8 {[%emt 0:00:26]} Ne1+ {[%emt 0:00:09]} 48. Kd1 {[%emt 0:00:20]} Nf3 {[%emt 0:00:03]} 49. Be7+ {[%emt 0:00:19]} Kb5 {[%emt 0:00:01]} 50. Bf6 {[%emt 0:00:52]} d4 {[%emt 0:00:32]} 51. exd4 {[%emt 0:00:33]} Kc6 {[%emt 0:00:10]} 52. Ke2 {[%emt 0:00:28]} Nh2 {[%emt 0:00:32]} 53. g5 {[%emt 0:01:18]} Ng4 {[%emt 0:00:10]} 54. Be7 {[%emt 0:00:43]} Kb5 {[%emt 0:00:25]} 55. d5 {[%emt 0:00:44]} Ne5 {[%emt 0:00:17]} 56. Ke3 {[%emt 0:00:14]} Nd3 {[%emt 0:00:07]} 57. Kxe4 {[%emt 0:00:38]} Nc1 {[%emt 0:00:13]} 58. Ke5 {[%emt 0:00:32]} Nxb3 {[%emt 0:00:18]} 59. d6 {[%emt 0:00:15]} Nc5 {[%emt 0:00:23]} 60. Kd5 {[%emt 0:00:36]} b3 {[%emt 0:02:03]} 61. Bf6 {[%emt 0:00:05]} Nd7 {[%emt 0:00:15]} 62. Bb2 {[%emt 0:00:18]} Nc5 {[%emt 0:00:19]} 63. d4 {[%emt 0:00:47]} Nd7 {[%emt 0:00:10]} 64. Ke6 {[%emt 0:00:14]} Nb8 {[%emt 0:00:31]} 65. d7 {[%emt 0:00:44]} Nc6 {[%emt 0:00:02]} 66. d5 {[%emt 0:00:08]} Nd8+ {[%emt 0:00:02]} 67. Ke7 {[%emt 0:00:06]} 1-0

[Event "Torneo Benidorm Gran Hotel Bali - B 2022"]
[Site "Benidorm ESP"]
[Date "2022.12.07"]
[Round "6.11"]
[White "Dura Olmos, Gines Raul"]
[Black "Levko, Mykola"]
[Result "1-0"]
[WhiteElo "1998"]
[BlackElo "1869"]
[PlyCount "89"]
[EventDate "2022.12.03"]
[EventType "swiss"]
[EventRounds "9"]
[EventCountry "ESP"]
[SourceTitle "Ajedrez en Madrid"]
[Source "lmi"]
[SourceDate "2022.12.03"]
[SourceVersion "1"]
[SourceVersionDate "2022.12.10"]
[SourceQuality "1"]

1. Nf3 {[%emt 0:00:07]} Nf6 {[%emt 0:00:08]} 2. c4 {[%emt 0:00:08]} e6 {[%emt 0:00:11]} 3. g3 {[%emt 0:00:07]} d5 {[%emt 0:00:26]} 4. Bg2 {[%emt 0:00:09]} d4 {[%emt 0:00:33]} 5. O-O {[%emt 0:00:20]} c5 {[%emt 0:00:20]} 6. e3 {[%emt 0:00:07]} Nc6 {[%emt 0:00:53]} 7. exd4 {[%emt 0:00:08]} cxd4 {[%emt 0:00:14]} 8. d3 {[%emt 0:00:07]} Bd6 {[%emt 0:00:38]} 9. Na3 {[%emt 0:00:47]} O-O {[%emt 0:02:58]} 10. Nc2 {[%emt 0:00:05]} e5 {[%emt 0:03:49]} 11. b4 {[%emt 0:00:35]} a6 {[%emt 0:06:31]} 12. c5 {[%emt 0:00:22]} Bc7 {[%emt 0:00:38]} 13. Bg5 {[%emt 0:00:34]} h6 {[%emt 0:00:20]} 14. Bxf6 {[%emt 0:00:06]} Qxf6 {[%emt 0:00:05]} 15. Nd2 {[%emt 0:00:15]} Bf5 {[%emt 0:05:06]} 16. Ne4 {[%emt 0:00:55]} Qe6 {[%emt 0:12:34]} 17. a4 {[%emt 0:01:50]} Bh3 {[%emt 0:08:26]} 18. b5 {[%emt 0:01:16]} Bxg2 {[%emt 0:00:30]} 19. Kxg2 {[%emt 0:00:07]} Ne7 {[%emt 0:01:14]} 20. Qf3 {[%emt 0:06:21]} f5 {[%emt 0:03:01]} 21. Nd2 {[%emt 0:02:33]} Qd5 {[%emt 0:06:01]} 22. Qxd5+ {[%emt 0:02:44]} Nxd5 {[%emt 0:00:06]} 23. b6 {[%emt 0:00:11]} Bd8 {[%emt 0:03:37]} 24. Nc4 {[%emt 0:00:22]} Rc8 {[%emt 0:03:36]} 25. Nxe5 {[%emt 0:01:46]} Rxc5 {[%emt 0:02:56]} 26. Nxd4 {[%emt 0:02:47]} Nxb6 {[%emt 0:01:51]} 27. Ng6 {[%emt 0:05:06]} Rf6 {[%emt 0:01:15]} 28. Nf4 {[%emt 0:00:08]} Ra5 {[%emt 0:07:07]} 29. Nfe6 {[%emt 0:04:23]} Be7 {[%emt 0:01:23]} 30. Rfc1 {[%emt 0:02:10]} Kf7 {[%emt 0:02:25]} 31. Rab1 {[%emt 0:07:23]} Nd5 {[%emt 0:05:56]} 32. Nc7 {[%emt 0:00:44]} Nxc7 {[%emt 0:02:14]} 33. Rxc7 {[%emt 0:00:06]} Rd5 {[%emt 0:04:56]} 34. Rbxb7 {[%emt 0:07:58]} Rxd4 {[%emt 0:00:35]} 35. Rxe7+ {[%emt 0:00:06]} Kf8 {[%emt 0:01:19]} 36. Rec7 {[%emt 0:00:10]} Rd8 {[%emt 0:04:29]} 37. a5 {[%emt 0:00:09]} f4 {[%emt 0:01:14]} 38. g4 {[%emt 0:01:24]} g5 {[%emt 0:01:30]} 39. Rh7 {[%emt 0:05:19]} Kg8 {[%emt 0:01:11]} 40. Rhd7 {[%emt 0:01:10]} Rc8 {[%emt 0:03:20]} 41. d4 {[%emt 0:02:45]} Re6 {[%emt 0:02:18]} 42. Rb6 {[%emt 0:01:43]} Rxb6 {[%emt 0:01:46]} 43. axb6 {[%emt 0:00:06]} a5 {[%emt 0:01:46]} 44. b7 {[%emt 0:00:14]} Rf8 {[%emt 0:00:43]} 45. Rc7 {[%emt 0:00:39]} 1-0